RA274*AN導入事業者 - Statistics

General Stats
  • This quiz has been taken 14 times
  • The average score is 26 of 56
Answer Stats
地方 Answer % Correct
東京都交通局
100%
関東バス
100%
西武バス
100%
京王バス
90%
東急バス
90%
横浜市交通局
90%
九州 西日本鉄道
90%
道南バス
80%
川崎市交通局
80%
北海道中央バス
70%
山交バス
70%
京浜急行バス
70%
岩手県北バス
60%
羽後交通
60%
仙台市交通局
60%
神奈川中央交通
60%
北海道拓殖バス
50%
じょうてつ
50%
函館バス
50%
東北 南部バス
50%
西東京バス
50%
江ノ電バス
50%
中部 新潟交通
50%
伊豆箱根バス
50%
神戸市交通局
50%
広島バス
50%
広島交通
50%
大分交通
50%
鹿児島交通
50%
北海道 旭川電気軌道
40%
千歳相互観光バス
40%
しずてつジャストライン
40%
近畿 阪急バス
40%
阪神バス
40%
京都バス
40%
神姫バス
40%
サンデン交通
40%
昭和自動車
40%
船橋新京成バス
30%
北陸鉄道
30%
秋葉バスサービス
30%
近江鉄道
30%
西肥自動車
30%
鹿児島市交通局
30%
相鉄バス
20%
富山地方鉄道
20%
高槻市交通部
20%
金剛バス
20%
山陽バス
20%
佐世保市交通局
20%
亀の井バス
20%
関東 関東鉄道
10%
湖国バス
10%
中国 鞆鉄道
10%
宇部市交通局
10%
蒲原鉄道
0%
No matching quizzes found
Score Distribution
Percent of People with Each Score
Percentile by Number Answered
Your Score History
You have not taken this quiz